=LDR 00000nam 2200000 4500 =001 INLIS000000000004203 =005 20210608013544 =035 ##$$a 0010-061300000004203 =008 210608################g##########0#ind## =041 ##$$a Ind =082 ##$$a 338.473 =090 ##$$a 338.473, Pen i =100 1#$$a Pendit, Nyoman S =245 1#$$a Ilmu pariwisata : $b Sebuah pengantar perdana /$c Nyoman S. Pendit. =260 ##$$a Jakarta :$b Pradnya Paramita,$c 2006 =300 ##$$a x, 388 hlm. : $b ilus ; $c 21x14 cm =650 #4$$a Pariwisata - Industri =850 ##$$a NBPNMAT =020 ##$$a 979-408-046-2 =084 ##$$a 338.473 PEN i =250 ##$$a cet.1 =990 ##$$a 10311338 =990 ##$$a 10311337 =990 ##$$a 20705844 =990 ##$$a 10406545 =990 ##$$a 10406544 =990 ##$$a 10311387 =990 ##$$a 20705845 =990 ##$$a 20705843 =990 ##$$a 20703135 =990 ##$$a 20703133 =990 ##$$a 3.205/pro-84 =990 ##$$a 10406547 =990 ##$$a 10311335 =990 ##$$a 10311388 =990 ##$$a 1200300624 =990 ##$$a 10406545 =990 ##$$a 10311338 =990 ##$$a 10311337 =990 ##$$a 20705844 =990 ##$$a 10406544 =990 ##$$a 10311387 =990 ##$$a 20705845 =990 ##$$a 20705843 =990 ##$$a 20703135 =990 ##$$a 20703133 =990 ##$$a 3.205/pro-84 =990 ##$$a 10406547 =990 ##$$a 10311335 =990 ##$$a 10311388 =990 ##$$a 1200300624 =990 ##$$a 10406545 =990 ##$$a 10311338 =990 ##$$a 10311337 =990 ##$$a 20705844 =990 ##$$a 10406544 =990 ##$$a 10311387 =990 ##$$a 20705845 =990 ##$$a 20705843 =990 ##$$a 20703135 =990 ##$$a 20703133 =990 ##$$a 3.205/pro-84 =990 ##$$a 10406547 =990 ##$$a 10311335 =990 ##$$a 10311388 =990 ##$$a 1200300624 =990 ##$$a 10311388 =990 ##$$a 10311338 =990 ##$$a 10311337 =990 ##$$a 20705844 =990 ##$$a 10406545 =990 ##$$a 10406544 =990 ##$$a 10311387 =990 ##$$a 20705845 =990 ##$$a 20705843 =990 ##$$a 20703135 =990 ##$$a 20703133 =990 ##$$a 3.205/pro-84 =990 ##$$a 10406547 =990 ##$$a 10311335 =990 ##$$a 1200300624